Loading...
| Current Events | 2 | 20.00 | 100% | 100% | 0% |
| Fine Arts - Classical Music | 5 | 16.00 | 100% | 40% | 20% |
| Fine Arts - Other | 3 | 13.33 | 100% | 33% | 0% |
| Fine Arts - Painting and Sculpture | 7 | 17.14 | 100% | 71% | 0% |
| Geography | 1 | 10.00 | 100% | 0% | 0% |
| History - American | 9 | 15.56 | 100% | 56% | 0% |
| History - European | 9 | 22.22 | 100% | 67% | 56% |
| History - Other | 6 | 18.33 | 83% | 83% | 17% |
| History - World | 8 | 11.25 | 75% | 38% | 0% |
| Literature - American | 5 | 12.00 | 60% | 40% | 20% |
| Literature - British | 6 | 15.00 | 100% | 50% | 0% |
| Literature - European | 10 | 14.00 | 100% | 40% | 0% |
| Literature - World | 4 | 17.50 | 100% | 75% | 0% |
| Mythology | 4 | 20.00 | 100% | 75% | 25% |
| Other Academic | 1 | 30.00 | 100% | 100% | 100% |
| Philosophy | 2 | 10.00 | 100% | 0% | 0% |
| Religion | 6 | 13.33 | 100% | 17% | 17% |
| Science - Biology | 7 | 12.86 | 100% | 29% | 0% |
| Science - Chemistry | 5 | 20.00 | 100% | 100% | 0% |
| Science - Other | 4 | 17.50 | 100% | 50% | 25% |
| Science - Physics | 7 | 17.14 | 100% | 57% | 14% |
| Social Science | 5 | 12.00 | 80% | 20% | 20% |